| 000 | 00592nam a22001817a 4500 | ||
|---|---|---|---|
| 999 |
_c177239 _d177239 |
||
| 005 | 20210215171756.0 | ||
| 010 | _aENG-128983 | ||
| 020 |
_c495.00 _a978-93-86473-99-8 |
||
| 035 | _aEN-112515 | ||
| 037 | _bDBAD/PUB | ||
| 082 | _aS | ||
| 100 | _aBamba, Poonam A | ||
| 245 |
_aParents at War: Custody Battles in Indian Courts/ _cPoonam A Bamba |
||
| 260 |
_aNew Delhi _bVitasta Publishing Pvt. Ltd. _c2021 |
||
| 270 |
_bNew Delhi _a2/15, Ansari Roaad, Daryaganj _e110002 _minfo@vitastapublishing.com |
||
| 300 |
_axvii+240p. _c22cm(pbk) _bIncluding Illustrations. |
||
| 942 |
_2ddc _cEN _hS _mBAM |
||